CBITS: Cognitive Behavioral Intervention for Trauma in Schools (Record no. 25299)

MARC details
000 -LEADER
fixed length control field 00659nam a22002057a 4500
003 - CONTROL NUMBER IDENTIFIER
control field OSt
005 - DATE AND TIME OF LATEST TRANSACTION
control field 20260629113117.0
008 - FIXED-LENGTH DATA ELEMENTS--GENERAL INFORMATION
fixed length control field 260629b |||||||| |||| 00| 0 eng d
020 ## - INTERNATIONAL STANDARD BOOK NUMBER
International Standard Book Number 157035975X
040 ## - CATALOGING SOURCE
Transcribing agency Chuka University Library
050 ## - LIBRARY OF CONGRESS CALL NUMBER
Classification number RJ 505
Item number .J39 2004
100 ## - MAIN ENTRY--PERSONAL NAME
Personal name Jaycox, Lisa
9 (RLIN) 31371
245 ## - TITLE STATEMENT
Title CBITS: Cognitive Behavioral Intervention for Trauma in Schools
260 ## - PUBLICATION, DISTRIBUTION, ETC.
Place of publication, distribution, etc. Colorado
Name of publisher, distributor, etc. SOPRIS WEST EDUCATIONAL SERVICES
Date of publication, distribution, etc. 2004
300 ## - PHYSICAL DESCRIPTION
Extent 117p
650 ## - SUBJECT ADDED ENTRY--TOPICAL TERM
Topical term or geographic name entry element Cognitive therapy for children
9 (RLIN) 31372
650 ## - SUBJECT ADDED ENTRY--TOPICAL TERM
Topical term or geographic name entry element Psychic trauma in children Treatement
9 (RLIN) 31373
650 ## - SUBJECT ADDED ENTRY--TOPICAL TERM
Topical term or geographic name entry element School Violence Psychological aspects
9 (RLIN) 31374
942 ## - ADDED ENTRY ELEMENTS (KOHA)
Source of classification or shelving scheme Library of Congress Classification
Koha item type Long Loan Books
Suppress in OPAC No
Holdings
Withdrawn status Lost status Source of classification or shelving scheme Damaged status Not for loan Collection Home library Current library Shelving location Date acquired Source of acquisition Cost, normal purchase price Total Checkouts Full call number Barcode Date last seen Copy number Price effective from Koha item type
    Library of Congress Classification     General Collection Books Main Campus Library Main Campus Library General Stacks 29/06/2026 Donations from Books for Africa 2440.13   RJ 505 .J39 2004 36184/2026 29/06/2026 1 29/06/2026 Long Loan Books
    Library of Congress Classification     General Collection Books Main Campus Library Main Campus Library General Stacks 01/07/2026 Donations from Books of Africa     RJ 505 .J39 2004 36591/2026 01/07/2026 2 01/07/2026 Long Loan Books
    Library of Congress Classification     General Collection Books Main Campus Library Main Campus Library General Stacks 01/07/2026 Donations from Books of Africa     RJ 505 .J39 2004 36590/2026 01/07/2026 3 01/07/2026 Long Loan Books

Powered by Koha